| 000 | 01365cam a2200397 a 4500 | ||
|---|---|---|---|
| 001 | 15790711 | ||
| 003 | OSt | ||
| 005 | 20210411111325.0 | ||
| 008 | 090625s2010 maua 001 0 eng | ||
| 010 | _a 2009024991 | ||
| 020 | _a9780321598561 (Complete ed. v. 12 with MasteringPhysics) | ||
| 020 | _a0321598563 (Complete ed. v. 12 with MasteringPhysics) | ||
| 020 | _a9780321611161 (v. 1) | ||
| 020 | _a0321611160 (v. 1) | ||
| 020 | _a9780321611178 (v. 2) | ||
| 020 | _a0321611179 (v. 2) | ||
| 035 | _a(OCoLC)ocn417442779 | ||
| 040 |
_aDLC _cDLC _dYDX _dDLC |
||
| 050 | 0 | 0 |
_aQC23.2 _b.R49 2010 |
| 080 |
_a53 _bR-48 |
||
| 082 | 0 | 0 |
_a530 _222 |
| 100 | 1 |
_aRex, Andrew F., _d1956- |
|
| 245 | 1 | 0 |
_aEssential college physics / Volume 2 _cAndrew F. Rex, Richard Wolfson. |
| 250 | _a1st ed. | ||
| 260 |
_aBoston : _bAddison-Wesley/Pearson Education, _cc2010. |
||
| 300 |
_a2 v. (xiv, 634, 20, 2, 20 p.) : _bill. ; _c28 cm. |
||
| 500 | _aIncludes student access kit for Masteringphysics.com. | ||
| 500 | _aIncludes index. | ||
| 505 | 0 | _aV. 1. Chapters 1-14 -- v. 2. Chapters 15-26. | |
| 650 | 0 |
_aPhysics _vTextbooks. |
|
| 653 | _aფიზიკა | ||
| 700 | 1 | _aWolfson, Richard. | |
| 906 |
_a7 _bcbc _corignew _d1 _eecip _f20 _gy-gencatlg |
||
| 942 |
_2udc _cBK |
||
| 999 |
_c64 _d64 |
||